| 000 | 01080nam a2200289 i 4500 | ||
|---|---|---|---|
| 003 | IT-RoINE | ||
| 005 | 20201005103244.0 | ||
| 008 | 130322s2019 sp a |r 000||dspa|d | ||
| 020 | _a9788490559789 | ||
| 040 | _aIT-RoINE | ||
| 100 | 1 |
_aIbarra Benlloch, Martín _928791 |
|
| 245 | 1 | 0 |
_aGitano y obispo unidos en el martirio : _blos beatos Ceferino y Florentino de Barbastro / _cMartín Ibarra Benlloch. |
| 260 |
_aMadrid : _bEncuentro, _c2019. |
||
| 300 |
_a146 p. : _bil. ; _c22 cm. |
||
| 336 |
_2rdacontent _atext |
||
| 337 |
_2rdamedia _aunmediated |
||
| 338 |
_2rdacarrier _avolume |
||
| 490 | 1 |
_a100xUNO ; _v56 |
|
| 490 | 1 |
_aMártires del siglo XX ; _v8 |
|
| 504 | _aFuentes y bibliografía empleada: p. 141-146. | ||
| 600 | 0 | 4 |
_96430 _aCeferino Jimenéz Malla, _cBeato, _d1861-1936 _xBiografía |
| 600 | 0 | 4 |
_96646 _aFlorentino Asensio Barroso, _cBeato, _d1877-1936 _xBiografía |
| 650 | 4 |
_aMártires cristianos _zEspaña _zBarbastro _y1936-1939 (Guerra civil) _969436 |
|
| 830 | 0 |
_a100xUNO ; _959119 _v56 |
|
| 830 | 0 |
_aMártires del siglo XX ; _959120 _v8 |
|
| 942 | _cMTS | ||
| 999 |
_c35295 _d35295 |
||